00633nam a22001817a 4500952014900000999001700149003000900166005001700175008004100192040001300233082001300246110003300259245006700292260003800359300002200397650002000419942001200439 00102ddc40708NFICaASLbASLcGENd2021-03-02eDonated by Prof. A. F. A. Husainl0o370 DAPp106958r2021-03-02 00:00:00tC-1w2021-03-02yBK c22671d22671BDDh-ASL20231015030142.0210302s1979 bg ||||| |||| 00| 0 eng d cBDDh-ASL a370bDAP1 93288aIER, Dacca University 02aA Pilot Research Project on Nonformal Education A Micro Study  aDacca: bDacca University,c1979. a208 p.: c22 cm.  091210aEducation 2ddccBK